[Event "DVM U12 2018"]
[Site "Magdeburg GER"]
[Date "2018.12.30"]
[Round "7"]
[White "Zimanovic, Leon Daniel"]
[Black "Frecker, Bennit"]
[Result "1-0"]
[Termination "normal"]
[Board "5.4"]
[WhiteElo "1173"]
[BlackElo "1295"]
[WhiteClock "00:45:09"]
[BlackClock "00:47:58"]
[WhiteTeam "SC Ostfildern"]
[BlackTeam "DJK Aufwärts St. Josef Aachen"]
[PlyCount "61"]
[WhiteFideId "16275063"]
[BlackFideId "16258444"]
[EventCountry "GER"]
[EventRounds "7"]
[EventType "team-swiss"]
[EventDate "2018.12.26"]

1. e4 {[%clk 1:30:51]} d5 {[%clk 1:28:18]} 2. exd5 {[%clk 1:30:20]} Nf6 {[%clk
1:28:40]} 3. Nc3 {[%clk 1:30:29]} Nxd5 {[%clk 1:28:37]} 4. Bc4 {[%clk 1:30:30]}
Nxc3 5. bxc3 {[%clk 1:30:21]} Nc6 {[%clk 1:26:50]} 6. Nf3 {[%clk 1:29:32]} Bg4
{[%clk 1:27:04]} 7. O-O {[%clk 1:28:17]} e6 {[%clk 1:26:40]} 8. Qe2 {[%clk
1:26:45]} Bd6 {[%clk 1:26:17]} 9. Qe4 {[%clk 1:25:50]} Bxf3 {[%clk 1:25:51]}
10. Qxf3 {[%clk 1:25:47]} Qh4 {[%clk 1:25:59]} 11. g3 {[%clk 1:25:01]} Qxc4
{[%clk 1:25:56]} 12. Re1 {[%clk 1:23:28]} O-O {[%clk 1:22:45]} 13. Re4 {[%clk
1:22:21]} Qd5 {[%clk 1:22:14]} 14. c4 {[%clk 1:19:36]} Qf5 {[%clk 1:21:19]} 15.
Qg2 {[%clk 1:16:02]} Qh5 {[%clk 1:16:06]} 16. Bb2 {[%clk 1:13:51]} Nb4 {[%clk
1:12:35]} 17. Rh4 {[%clk 1:07:54]} Qf5 {[%clk 1:08:45]} 18. Re1 {[%clk
1:00:41]} Nxc2 {[%clk 1:04:26]} 19. Ree4 {[%clk 0:58:37]} Na3 {[%clk 1:03:15]}
20. d3 {[%clk 0:55:54]} b5 {[%clk 1:01:35]} 21. Reg4 {[%clk 0:53:10]} g6 {[%clk
1:01:01]} 22. Qh3 {[%clk 0:51:24]} e5 {[%clk 0:55:12]} 23. Rxh7 {[%clk
0:50:39]} Qxg4 {[%clk 0:48:06]} 24. Rh8+ {[%clk 0:50:39]} Kg7 {[%clk 0:48:25]}
25. Rh7+ {[%clk 0:48:37]} Kg8 {[%clk 0:48:25]} 26. Qh6 {[%clk 0:44:12]} Qd1+
{[%clk 0:47:44]} 27. Kg2 {[%clk 0:44:25]} Qf3+ {[%clk 0:47:44]} 28. Kxf3 {[%clk
0:44:38]} e4+ {[%clk 0:48:07]} 29. Kxe4 {[%clk 0:44:48]} f5+ {[%clk 0:48:08]}
30. Kf3 {[%clk 0:44:49]} Rf7 {[%clk 0:47:58]} 31. Rh8# {[%clk 0:45:09]} 1-0

[Event "DVM U12 2018"]
[Site "Magdeburg GER"]
[Date "2018.12.30"]
[Round "7"]
[White "Haschemi, Said Habieb"]
[Black "Öz, Mert"]
[Result "1-0"]
[Termination "normal"]
[Board "6.1"]
[WhiteElo "1571"]
[BlackElo "1311"]
[WhiteTeam "SG 1882 Fürth"]
[BlackTeam "SK Bebenhausen"]
[PlyCount "125"]
[WhiteFideId "16275110"]
[BlackFideId "16255704"]
[EventCountry "GER"]
[EventRounds "7"]
[EventType "team-swiss"]
[EventDate "2018.12.26"]

1. b3 e5 2. Bb2 Nc6 3. e3 Nf6 4. Bb5 Bd6 5. Nf3 e4 6. Nd4 Nxd4 7. Bxd4 c6 8.
Be2 Bc7 9. d3 d5 10. c4 Bf5 11. Nc3 Qe7 12. cxd5 cxd5 13. Bxf6 Qxf6 14. Nxd5
Ba5+ 15. b4 Qd6 16. Qa4+ Bd7 17. Qxa5 b6 18. Nxb6 Qxb6 19. Qxb6 axb6 20. dxe4
Ra4 21. a3 Ke7 22. Bd1 Raa8 23. Bb3 Rhc8 24. Kd2 Rd8 25. Ke2 g5 26. Rhc1 g4 27.
a4 Ra7 28. b5 Bc8 29. Bd5 Bb7 30. Rc7+ Rd7 31. Rxd7+ Kxd7 32. Bxf7 Bxe4 33. Bh5
g3 34. hxg3 Ke7 35. Bf3 Bc2 36. a5 Bb3 37. axb6 Rxa1 38. b7 Bd1+ 39. Kd2 Bxf3
40. gxf3 Ra2+ 41. Ke1 Ra1+ 42. Ke2 Ra2+ 43. Ke1 Ra1+ 44. Ke2 Ra2+ 45. Kf1 Ra1+
46. Kg2 Rb1 47. b8=Q h6 48. Qb7+ Kd6 49. b6 Kc5 50. Qc7+ Kd5 51. b7 h5 52. b8=Q
Rxb8 53. Qxb8 h4 54. e4+ Kd4 55. e5 h3+ 56. Kxh3 Kd5 57. Qd6+ Kc4 58. e6 Kc3
59. e7 Kb3 60. e8=Q Kb2 61. Qc8 Kb3 62. Qb6+ Ka3 63. Qa8# 1-0

[Event "DVM U12 2018"]
[Site "Magdeburg GER"]
[Date "2018.12.30"]
[Round "7"]
[White "Andrei, Quentin"]
[Black "Gewondow, Narek"]
[Result "0-1"]
[Termination "normal"]
[Board "6.2"]
[WhiteElo "1219"]
[BlackElo "1358"]
[WhiteTeam "SK Bebenhausen"]
[BlackTeam "SG 1882 Fürth"]
[PlyCount "96"]
[WhiteFideId "16255712"]
[BlackFideId "16275128"]
[EventCountry "GER"]
[EventRounds "7"]
[EventType "team-swiss"]
[EventDate "2018.12.26"]

1. e4 e5 2. Nf3 Nc6 3. Bc4 Bc5 4. b4 Bxb4 5. c3 Ba5 6. d4 exd4 7. O-O dxc3 8.
Qb3 Qf6 9. Bg5 Qg6 10. Bd5 Nf6 11. Bxc6 dxc6 12. Nxc3 Bxc3 13. Qxc3 O-O 14.
Bxf6 Qxf6 15. Qxf6 gxf6 16. Rfe1 Be6 17. a4 a5 18. Rab1 b6 19. Nd4 Bd7 20. Red1
c5 21. Nb5 Bxb5 22. Rxb5 Rad8 23. Re1 Rd4 24. f3 Rfd8 25. Rbb1 Rxa4 26. h4 Ra2
27. Red1 Rxd1+ 28. Rxd1 c4 29. Rc1 b5 30. Kh2 a4 31. Kg3 a3 32. Rb1 Rb2 33. Ra1
a2 34. Kf4 c3 35. Ke3 c2 36. Kd2 Rb1 37. Kxc2 Rxa1 38. Kb2 Rg1 39. Kxa2 Rxg2+
40. Kb3 c5 41. Kc3 b4+ 42. Kb3 Rg3 43. Kc4 Rxf3 44. h5 b3 45. Kxc5 b2 46. Kd5
b1=Q 47. e5 Qb3+ 48. Ke4 Qd3# 0-1

[Event "DVM U12 2018"]
[Site "Magdeburg GER"]
[Date "2018.12.30"]
[Round "7"]
[White "Levitskii, Philipp"]
[Black "Weide, Julian"]
[Result "0-1"]
[Termination "normal"]
[Board "6.3"]
[WhiteElo "1267"]
[BlackElo "1301"]
[WhiteTeam "SG 1882 Fürth"]
[BlackTeam "SK Bebenhausen"]
[PlyCount "96"]
[WhiteFideId "16275136"]
[BlackFideId "16275209"]
[EventCountry "GER"]
[EventRounds "7"]
[EventType "team-swiss"]
[EventDate "2018.12.26"]

1. d4 d5 2. Bg5 h6 3. Bh4 c6 4. Nc3 Qb6 5. Rb1 Bf5 6. e3 e6 7. Nf3 Nd7 8. Bd3
Bxd3 9. cxd3 Ne7 10. e4 f5 11. Qe2 g5 12. exf5 exf5 13. Nxg5 hxg5 14. Bxg5 Rg8
15. h4 O-O-O 16. Kd2 Re8 17. f4 c5 18. Nxd5 Qc6 19. Nb4 Qd6 20. dxc5 Nxc5 21.
Rbc1 Kd7 22. Qf3 Ne4+ 23. Ke2 Nxg5 24. Qxb7+ Kd8 25. hxg5 Nd5+ 26. Kd1 Ne3+ 27.
Ke2 Ng4+ 28. Kd1 Nf2+ 29. Kc2 Qxb4 30. Qa8+ Kd7 31. Qd5+ Qd6 32. Qxf5+ Qe6 33.
Rh7+ Rg7 34. Rxg7+ Bxg7 35. Qh7 Qe2+ 36. Kb3 Qxb2+ 37. Ka4 Qxc1 38. Qxg7+ Kc8
39. Qf6 Qc2+ 40. Ka3 Qc5+ 41. Ka4 a5 42. a3 Re3 43. Qh8+ Kb7 44. Qg7+ Ka6 45.
Qg6+ Qb6 46. Qf5 Rxd3 47. Qc8+ Ka7 48. Qc2 Rd4+ 0-1

[Event "DVM U12 2018"]
[Site "Magdeburg GER"]
[Date "2018.12.30"]
[Round "7"]
[White "Logothetis, Feodor Konstantin"]
[Black "Funk, Benno"]
[Result "0-1"]
[Termination "normal"]
[Board "6.4"]
[WhiteElo "1140"]
[BlackElo "1145"]
[WhiteTeam "SK Bebenhausen"]
[BlackTeam "SG 1882 Fürth"]
[PlyCount "84"]
[WhiteFideId "16263464"]
[BlackFideId "16275144"]
[EventCountry "GER"]
[EventRounds "7"]
[EventType "team-swiss"]
[EventDate "2018.12.26"]

1. e4 c5 2. d4 cxd4 3. c3 dxc3 4. Nxc3 e6 5. Nf3 Nc6 6. Bc4 a6 7. a4 Qc7 8. Qe2
Bb4 9. Bd2 Nf6 10. O-O O-O 11. e5 Ne8 12. Bd3 g6 13. Bh6 Ng7 14. Rfe1 Bxc3 15.
bxc3 b6 16. Be4 Bb7 17. Bxc6 Bxc6 18. Qe3 Bxf3 19. Qxf3 Rfc8 20. Ra3 Qc4 21. h3
Qh4 22. Qe3 Nf5 23. Bg5 Nxe3 24. Bxh4 Nd5 25. Rc1 Rc6 26. c4 Rac8 27. c5 Rxc5
28. Rxc5 Rxc5 29. Rd3 Rc4 30. Bd8 Rxa4 31. Bg5 Kg7 32. Kh2 b5 33. g3 Re4 34. f4
h6 35. Bd8 b4 36. h4 Re3 37. Rd2 b3 38. Ba5 Nc3 39. Bxc3 Rxc3 40. Kg2 Rc2 41.
Kf1 Rxd2 42. Ke1 Rd5 0-1

[Event "DVM U12 2018"]
[Site "Magdeburg GER"]
[Date "2018.12.30"]
[Round "7"]
[White "Hecker, Linus Maximin"]
[Black "Kageler, Anton Paul"]
[Result "0-1"]
[Termination "normal"]
[Board "7.1"]
[WhiteElo "1388"]
[BlackElo "1480"]
[WhiteTeam "Düsseldorfer SV"]
[BlackTeam "SV Roter Turm Halle"]
[PlyCount "46"]
[WhiteFideId "16275152"]
[BlackFideId "16244850"]
[EventCountry "GER"]
[EventRounds "7"]
[EventType "team-swiss"]
[EventDate "2018.12.26"]

1. e4 c5 2. Nf3 d6 3. d4 cxd4 4. Nxd4 Nf6 5. Nc3 g6 6. Be3 Bg7 7. f3 O-O 8. Qd2
Nc6 9. O-O-O Nxd4 10. Bxd4 Be6 11. Kb1 Qc7 12. h4 Rfc8 13. h5 Rcb8 14. hxg6
hxg6 15. a3 Qa5 16. Bd3 b5 17. Qg5 a6 18. g4 Qc7 19. e5 dxe5 20. Bxe5 Qc5 21.
b4 Qc6 22. Bxb8 Qxc3 23. Qc1 Nd7 0-1

[Event "DVM U12 2018"]
[Site "Magdeburg GER"]
[Date "2018.12.30"]
[Round "7"]
[White "Derling, Charlotte"]
[Black "Hörhager-Celjo, Dino"]
[Result "1/2-1/2"]
[Termination "normal"]
[Board "7.2"]
[WhiteElo "1399"]
[BlackElo "1307"]
[WhiteTeam "SV Roter Turm Halle"]
[BlackTeam "Düsseldorfer SV"]
[PlyCount "82"]
[WhiteFideId "16222237"]
[BlackFideId "16253035"]
[EventCountry "GER"]
[EventRounds "7"]
[EventType "team-swiss"]
[EventDate "2018.12.26"]

1. e4 e6 2. d4 d5 3. exd5 exd5 4. Nf3 Nc6 5. Be2 Bd6 6. O-O Nge7 7. Bg5 f6 8.
Be3 O-O 9. Nc3 Be6 10. Nb5 a6 11. Nxd6 Qxd6 12. c3 Rfe8 13. Qc2 Bf5 14. Bd3 Qd7
15. Nh4 Bxd3 16. Qxd3 Qg4 17. Nf3 Nf5 18. h3 Qe4 19. Qxe4 Rxe4 20. Bd2 Rae8 21.
Rfe1 Kf7 22. Rxe4 dxe4 23. Ne1 e3 24. Bxe3 Nxe3 25. fxe3 Rxe3 26. Kf2 Re6 27.
Nd3 b6 28. Rd1 Ne7 29. Nf4 Re4 30. Kf3 f5 31. Nd3 Nd5 32. Re1 Rxe1 33. Nxe1 g5
34. Nd3 Ke6 35. Ne5 Nf4 36. h4 h6 37. g3 Nd5 38. Nd3 g4+ 39. Kf2 a5 40. Ke2 Kd6
41. Kd2 b5 1/2-1/2

[Event "DVM U12 2018"]
[Site "Magdeburg GER"]
[Date "2018.12.30"]
[Round "7"]
[White "Voicu, Mihai"]
[Black "Adelmeyer, Nelly"]
[Result "0-1"]
[Termination "normal"]
[Board "7.3"]
[WhiteElo "1274"]
[BlackElo "1475"]
[WhiteTeam "Düsseldorfer SV"]
[BlackTeam "SV Roter Turm Halle"]
[PlyCount "84"]
[WhiteFideId "16238168"]
[BlackFideId "16203577"]
[EventCountry "GER"]
[EventRounds "7"]
[EventType "team-swiss"]
[EventDate "2018.12.26"]

1. c4 e6 2. Nc3 d5 3. e3 Nf6 4. Nf3 Be7 5. d4 c5 6. Bd3 Nc6 7. O-O O-O 8. Bd2
dxc4 9. Bxc4 cxd4 10. Nb5 dxe3 11. Bxe3 a6 12. Nbd4 Nxd4 13. Bxd4 b5 14. Bb3
Bb7 15. Ne5 Nd5 16. Qh5 Nf4 17. Qd1 Bxg2 18. Re1 Bb7 19. Be3 Nh3+ 20. Kf1 Qc7
21. Qh5 Bf6 22. Ng4 Nf4 23. Nxf6+ gxf6 24. Qg4+ Ng6 25. Bf4 Qxf4 26. Qh3 Nh4
27. Qg3+ Qg5 28. Rac1 Kh8 29. Qxg5 fxg5 30. Re5 Nf3 31. Re3 Nxh2+ 32. Kg1 Nf3+
33. Kf1 Rac8 34. Rcc3 Rxc3 35. Rxc3 Nd2+ 36. Ke2 Nxb3 37. Rxb3 Bd5 38. Ra3 Rc8
39. Kd3 h5 40. f3 Bxf3 41. Ke3 Bb7 42. Kf2 Rc2+ 0-1

[Event "DVM U12 2018"]
[Site "Magdeburg GER"]
[Date "2018.12.30"]
[Round "7"]
[White "Fiedler, Ian Fynn"]
[Black "Hörhager-Celjo, Denis"]
[Result "0-1"]
[Termination "normal"]
[Board "7.4"]
[WhiteElo "1208"]
[BlackElo "1238"]
[WhiteTeam "SV Roter Turm Halle"]
[BlackTeam "Düsseldorfer SV"]
[PlyCount "59"]
[WhiteFideId "16275012"]
[BlackFideId "16253027"]
[EventCountry "GER"]
[EventRounds "7"]
[EventType "team-swiss"]
[EventDate "2018.12.26"]

1. e4 c5 2. Nf3 g6 3. d4 cxd4 4. Nxd4 Bg7 5. Nc3 Nc6 6. Nf3 Nf6 7. Bc4 O-O 8.
O-O d6 9. Re1 Qa5 10. Bd2 Ne5 11. Nd5 Nxf3+ 12. gxf3 Qd8 13. Nxf6+ Bxf6 14. Rb1
Qd7 15. Bf4 Qc6 16. Bd5 Qc5 17. Be3 Qb5 18. b3 Bh3 19. Bc4 Qh5 20. Bf4 Bg5 21.
Bg3 e5 22. Be2 Bf4 23. Qxd6 Rfd8 24. Qf6 Bxg3 25. fxg3 Rd7 26. Rbc1 Rad8 27.
Rcd1 Rd6 28. g4 Qh6 29. Qxe5 Qe3+ 30. Kh1 {nicht weiter nachvollziehbar} 0-1

[Event "DVM U12 2018"]
[Site "Magdeburg GER"]
[Date "2018.12.30"]
[Round "7"]
[White "Kraftsik, Christian"]
[Black "Mainka, Ingmar"]
[Result "1-0"]
[Termination "normal"]
[Board "8.1"]
[WhiteElo "1771"]
[BlackElo "1190"]
[WhiteTeam "SC Vaterstetten"]
[BlackTeam "DJK Arminia Eilendorf"]
[PlyCount "59"]
[WhiteFideId "16242548"]
[BlackFideId "16254937"]
[EventCountry "GER"]
[EventRounds "7"]
[EventType "team-swiss"]
[EventDate "2018.12.26"]

1. d4 d5 2. c4 e6 3. Nc3 Nf6 4. cxd5 exd5 5. Bg5 Be7 6. Nf3 Bg4 7. e3 Nbd7 8.
Be2 Bd6 9. Nxd5 c6 10. Nc3 Qc7 11. h3 Bf5 12. Bd3 Bg6 13. e4 Bb4 14. Qc2 O-O
15. O-O Rfe8 16. e5 Bxd3 17. Qxd3 Nd5 18. Nxd5 cxd5 19. Rfc1 Qa5 20. Qb3 Rac8
21. a3 Bf8 22. Qxb7 Nb6 23. Rxc8 Rxc8 24. Be7 Bxe7 25. Qxe7 h6 26. e6 fxe6 27.
Qxe6+ Kh8 28. Qg6 Kg8 29. Re1 Qb5 30. Re7 1-0

[Event "DVM U12 2018"]
[Site "Magdeburg GER"]
[Date "2018.12.30"]
[Round "7"]
[White "Korr, Sören"]
[Black "Lerchl, Clemens"]
[Result "0-1"]
[Termination "normal"]
[Board "8.2"]
[WhiteElo "1143"]
[BlackElo "1625"]
[WhiteTeam "DJK Arminia Eilendorf"]
[BlackTeam "SC Vaterstetten"]
[PlyCount "156"]
[WhiteFideId "16275241"]
[BlackFideId "16226372"]
[EventCountry "GER"]
[EventRounds "7"]
[EventType "team-swiss"]
[EventDate "2018.12.26"]

1. e4 c5 2. Nf3 d6 3. d4 Nf6 4. Nc3 cxd4 5. Nxd4 g6 6. Be3 Bg7 7. Bc4 O-O 8.
O-O Nc6 9. Qd2 Ng4 10. Nxc6 bxc6 11. Bd4 Ne5 12. Bb3 c5 13. Be3 Rb8 14. Rab1
Bg4 15. f3 Bd7 16. Rfd1 Re8 17. f4 Ng4 18. Bxc5 Qa5 19. Bd4 Bc6 20. Bxg7 Kxg7
21. Nd5 Qd8 22. Qc3+ e5 23. Qxc6 Rc8 24. Qb7 a5 25. Nc3 Rc7 26. Qd5 Qb8 27.
Qxa5 Ra7 28. Qb5 Rb7 29. Qe2 Qa7+ 30. Kf1 Ne3+ 31. Ke1 Nxd1 32. Rxd1 Qg1+ 33.
Kd2 Qxh2 34. fxe5 dxe5 35. Kc1 Qf4+ 36. Qd2 Qg4 37. Qf2 Ree7 38. Nd5 Red7 39.
Qf6+ Kg8 40. Qd8+ Kg7 41. Qf6+ Kg8 42. Qxf7+ Kxf7 43. Ne3+ Qe6 44. Bxe6+ Kxe6
45. Rf1 Rd4 46. Nd1 Rxe4 47. Nc3 Rg4 48. Rf2 Rgb4 49. b3 Rc7 50. Na4 e4 51. Re2
Ke5 52. g3 g5 53. c3 Rxa4 54. bxa4 Rxc3+ 55. Kd2 Rxg3 56. Rh2 Ra3 57. Rxh7
Rxa2+ 58. Ke3 Ra3+ 59. Ke2 Rxa4 60. Ke3 Ra3+ 61. Ke2 Kf4 62. Rf7+ Kg3 63. Re7
e3 64. Rf7 g4 65. Rf5 Kg2 66. Rh5 g3 67. Rh4 Kg1 68. Rh7 g2 69. Rh8 Ra7 70. Ke1
e2 71. Kxe2 Re7+ 72. Kd2 Re5 73. Rh7 Kf2 74. Rf7+ Kg3 75. Rg7+ Kf3 76. Rf7+ Kg4
77. Rg7+ Rg5 78. Rxg5+ Kxg5 1-0

[Event "DVM U12 2018"]
[Site "Magdeburg GER"]
[Date "2018.12.30"]
[Round "7"]
[White "Karpen, Jakob"]
[Black "Debets, Mario"]
[Result "1-0"]
[Termination "normal"]
[Board "8.3"]
[WhiteElo "1336"]
[BlackElo "1000"]
[WhiteTeam "SC Vaterstetten"]
[BlackTeam "DJK Arminia Eilendorf"]
[PlyCount "93"]
[WhiteFideId "16255453"]
[BlackFideId "16275250"]
[EventCountry "GER"]
[EventRounds "7"]
[EventType "team-swiss"]
[EventDate "2018.12.26"]

1. e4 e5 2. Nf3 Nc6 3. d4 d6 4. dxe5 dxe5 5. Qxd8+ Nxd8 6. Nc3 Bd6 7. Bc4 Nf6
8. Bg5 O-O 9. Bxf6 gxf6 10. Nd5 f5 11. O-O-O Rb8 12. Rhg1 b5 13. Bb3 a5 14. g4
fxg4 15. Nf6+ Kh8 16. Nxg4 a4 17. Bd5 c6 18. Bxc6 Nxc6 19. Rxd6 Nb4 20. Nh6 Be6
21. a3 Na2+ 22. Kb1 b4 23. Nxe5 Rb7 24. Nexf7+ Bxf7 25. Nxf7+ Rbxf7 26. Kxa2
Rxf2 27. axb4 Rxc2 28. Re1 Rcc8 29. e5 Rfe8 30. e6 Kg7 31. Rf1 Rc4 32. Rd7+ Kg6
33. e7 Re4 34. Ka3 R4xe7 35. Rxe7 Rxe7 36. Kxa4 Rb7 37. b5 Kg5 38. Ka5 Kg4 39.
b6 Kh3 40. Rg1 Kxh2 41. Rg8 h5 42. Ka6 Rh7 43. b7 h4 44. b8=Q+ Kh3 45. Qb3+ Kh2
46. Qc2+ Kh3 47. Qg2# 1-0

[Event "DVM U12 2018"]
[Site "Magdeburg GER"]
[Date "2018.12.30"]
[Round "7"]
[White "Klein, Emil"]
[Black "Lerchl, Justus"]
[Result "0-1"]
[Termination "normal"]
[Board "8.4"]
[WhiteElo "1043"]
[BlackElo "1500"]
[WhiteTeam "DJK Arminia Eilendorf"]
[BlackTeam "SC Vaterstetten"]
[PlyCount "118"]
[WhiteFideId "16275268"]
[BlackFideId "16240677"]
[EventCountry "GER"]
[EventRounds "7"]
[EventType "team-swiss"]
[EventDate "2018.12.26"]

1. e4 c5 2. Nf3 d6 3. Bb5+ Bd7 4. Bxd7+ Qxd7 5. Nc3 Nc6 6. d4 cxd4 7. Nxd4 g6
8. Nxc6 Qxc6 9. Qd4 Nf6 10. Bg5 Bg7 11. e5 dxe5 12. Qxe5 Qxg2 13. Rf1 O-O 14.
O-O-O Rfe8 15. Qg3 Qxg3 16. hxg3 a5 17. Rh1 Ng4 18. Rd2 a4 19. a3 e6 20. f3 Ne5
21. f4 Nf3 22. Rf2 Nxg5 23. fxg5 Rec8 24. Ne4 Rc6 25. Nf6+ Bxf6 26. gxf6 b5 27.
b4 Rc3 28. Rfh2 h5 29. g4 Rxa3 30. gxh5 Ra1+ 31. Kb2 Rxh1 32. Rxh1 Kh7 33.
hxg6+ Kxg6 34. Rf1 e5 35. Rf2 Ra6 36. Rd2 Kxf6 37. Rd5 Rb6 38. Rc5 e4 39. Rc3
Ke6 40. Kc1 Ra6 41. Ra3 Rd6 42. Re3 f5 43. Rh3 f4 44. Rh5 Rd5 45. Rh6+ Ke5 46.
Rh5+ Kd4 47. Rh4 Ke3 48. Rh3+ f3 49. Kb2 Ke2 50. Ka3 e3 51. c4 Rd3+ 52. Ka2 f2
53. Rh2 Ke1 54. Rh1+ f1=Q 55. Rxf1+ Kxf1 56. cxb5 e2 57. b6 e1=Q 58. b7 Rb3 59.
b8=Q Qb1# 0-1

[Event "DVM U12 2018"]
[Site "Magdeburg GER"]
[Date "2018.12.30"]
[Round "7"]
[White "Feng, Felix"]
[Black "Lenz, Joshua"]
[Result "1/2-1/2"]
[Termination "normal"]
[Board "9.1"]
[WhiteElo "1430"]
[BlackElo "1580"]
[WhiteTeam "SF Neuberg"]
[BlackTeam "SV Turm Lahnstein"]
[PlyCount "101"]
[WhiteFideId "16275179"]
[BlackFideId "16256956"]
[EventCountry "GER"]
[EventRounds "7"]
[EventType "team-swiss"]
[EventDate "2018.12.26"]

1. c4 e5 2. Nc3 Nf6 3. Nf3 d6 4. g3 h6 5. Bg2 c6 6. O-O Be7 7. d3 O-O 8. a3 Be6
9. b4 Qc8 10. Re1 Nbd7 11. Bb2 d5 12. cxd5 Nxd5 13. Nxd5 Bxd5 14. Nxe5 Bxg2 15.
Kxg2 Nf6 16. Rc1 Qe6 17. Nf3 Rad8 18. Qa4 a6 19. Qc2 Rd7 20. Qc3 Nh5 21. Qe5
Qxe5 22. Nxe5 Rd6 23. Nc4 Rg6 24. Na5 Rb8 25. Be5 Bd6 26. Bxd6 Rxd6 27. Rc3 Rg6
28. Rec1 Nf4+ 29. Kf1 Nd5 30. R3c2 Rf6 31. Ke1 Nc7 32. Nb3 Rd6 33. Nc5 Rd5 34.
e4 Rd6 35. Ke2 Nb5 36. Ra2 Nd4+ 37. Ke3 Rdd8 38. Rc4 Nb5 39. a4 Nd6 40. Rd4
Rbc8 41. Rc2 Rc7 42. g4 Re7 43. f4 f5 44. e5 fxg4 45. Kf2 Nf7 46. Rxd8+ Nxd8
47. Kg3 h5 48. Rd2 Kf7 49. d4 Kg6 50. Rf2 Kf5 51. h3 1/2-1/2

[Event "DVM U12 2018"]
[Site "Magdeburg GER"]
[Date "2018.12.30"]
[Round "7"]
[White "Meuer, David"]
[Black "Eull, Emil"]
[Result "1/2-1/2"]
[Termination "normal"]
[Board "9.2"]
[WhiteElo "1618"]
[BlackElo "1526"]
[WhiteTeam "SV Turm Lahnstein"]
[BlackTeam "SF Neuberg"]
[PlyCount "144"]
[WhiteFideId "16262964"]
[BlackFideId "16253809"]
[EventCountry "GER"]
[EventRounds "7"]
[EventType "team-swiss"]
[EventDate "2018.12.26"]

1. e4 c5 2. c3 Nf6 3. e5 Nd5 4. d4 cxd4 5. cxd4 e6 6. Nf3 d6 7. Bc4 Be7 8. O-O
O-O 9. Nc3 Nxc3 10. bxc3 Nc6 11. Bf4 a6 12. a4 dxe5 13. Nxe5 Nxe5 14. Bxe5 Bd6
15. Re1 Qc7 16. Qd3 Rd8 17. Bxd6 Qxd6 18. Re3 Bd7 19. Bb3 Bc6 20. Rae1 Qa3 21.
Qc2 Qd6 22. Qd3 Bd5 23. Bc2 g6 24. Rg3 Rac8 25. h3 Rc7 26. Ree3 Rdc8 27. Qd1 f5
28. Rd3 Be4 29. Rd2 Rxc3 30. Rxc3 Rxc3 31. Bxe4 fxe4 32. Qe2 Ra3 33. Ra2 Rd3
34. Rd2 Rxd4 35. Rxd4 Qxd4 36. Qc2 Qd5 37. Qc8+ Kf7 38. Qc7+ Kf6 39. Qf4+ Qf5
40. Qd2 Qc5 41. Qd8+ Ke5 42. Qg5+ Kd6 43. Qf4+ Qe5 44. Qd2+ Qd5 45. Qb4+ Kc6
46. Qc3+ Kb6 47. Qb4+ Ka7 48. a5 Qd8 49. Qc5+ Ka8 50. Qc3 Qd5 51. Qc8+ Ka7 52.
Qc3 e5 53. Qb4 Qc6 54. Qd2 Qc5 55. Qe1 Qd4 56. Qc1 Qb4 57. Qa1 Qc5 58. Qe1 Qd5
59. Qe3+ Qd4 60. Qe1 h5 61. Qc1 Qd5 62. Qe3+ Ka8 63. Qc3 g5 64. Qc8+ Ka7 65.
Qc3 g4 66. hxg4 hxg4 67. g3 Qd1+ 68. Kh2 Qf3 69. Qc5+ Kb8 70. Qxe5+ Kc8 71.
Qc5+ Kd7 72. Qd5+ Kc7 1/2-1/2

[Event "DVM U12 2018"]
[Site "Magdeburg GER"]
[Date "2018.12.30"]
[Round "7"]
[White "Kaiser, Jason"]
[Black "Werling, Lasse"]
[Result "0-1"]
[Termination "normal"]
[Board "9.3"]
[WhiteElo "1254"]
[BlackElo "1180"]
[WhiteTeam "SF Neuberg"]
[BlackTeam "SV Turm Lahnstein"]
[PlyCount "120"]
[WhiteFideId "16275187"]
[BlackFideId "16275080"]
[EventCountry "GER"]
[EventRounds "7"]
[EventType "team-swiss"]
[EventDate "2018.12.26"]

1. e4 e6 2. d4 d5 3. Bd3 c5 4. c3 Nc6 5. Ne2 Nf6 6. e5 Nd7 7. b3 Qb6 8. Be3
cxd4 9. cxd4 Bb4+ 10. Nd2 O-O 11. O-O Qc7 12. Ng3 f6 13. f4 Qb6 14. Nf3 Bc3 15.
Rc1 Bxd4 16. Nxd4 Nxd4 17. Bxh7+ Kxh7 18. Bxd4 Qb4 19. Bc3 Qe7 20. Qh5+ Kg8 21.
Qg4 fxe5 22. fxe5 Qc5+ 23. Bd4 Nxe5 24. Bxc5 Rxf1+ 25. Rxf1 Nxg4 26. Rf8+ Kh7
27. a4 b6 28. Bd6 Nf6 29. Rf7 Ba6 30. Re7 Rc8 31. Rxa7 Bd3 32. Be5 Rc1+ 33. Kf2
Ng4+ 34. Kf3 Nxe5+ 35. Kf4 Ng6+ 36. Ke3 Bc2 37. Kd2 Rg1 38. Kxc2 Rxg2+ 39. Kd3
Rxh2 40. Ne2 Rh3+ 41. Kc2 e5 42. Rb7 d4 43. Nc1 e4 44. Rxb6 d3+ 45. Kd2 Rh2+
46. Kd1 d2 47. a5 e3 48. Rd6 Rh1+ 49. Ke2 dxc1=Q 50. a6 Qe1+ 51. Kf3 Qf2+ 52.
Ke4 Rh4+ 53. Kd5 Qd2+ 54. Kc6 Ne5+ 55. Kc7 Qc3+ 56. Kb7 Rb4+ 57. Rb6 Qc6+ 58.
Kb8 Rxb6+ 59. Ka7 Qc7+ 60. Ka8 Rb8# 0-1

[Event "DVM U12 2018"]
[Site "Magdeburg GER"]
[Date "2018.12.30"]
[Round "7"]
[White "Samtleben, Christian"]
[Black "Ruppel, Felix"]
[Result "1/2-1/2"]
[Termination "normal"]
[Board "9.4"]
[WhiteElo "1141"]
[BlackElo "1004"]
[WhiteTeam "SV Turm Lahnstein"]
[BlackTeam "SF Neuberg"]
[PlyCount "40"]
[WhiteFideId "16275098"]
[BlackFideId "16275195"]
[EventCountry "GER"]
[EventRounds "7"]
[EventType "team-swiss"]
[EventDate "2018.12.26"]

1. e4 e5 2. Nf3 Nc6 3. Bc4 Bc5 4. d3 Nf6 5. c3 d6 6. h3 h6 7. Nbd2 O-O 8. O-O
Be6 9. Bb3 Re8 10. Re1 Qd7 11. Bxe6 Rxe6 12. Nf1 d5 13. Qb3 b6 14. Ng3 dxe4 15.
dxe4 Rd6 16. Qc2 Rd8 17. Be3 Bxe3 18. fxe3 g6 19. c4 Na5 20. Nxe5 Qe6 1/2-1/2

[Event "DVM U12 2018"]
[Site "Magdeburg GER"]
[Date "2018.12.30"]
[Round "7"]
[White "Buschmann, Mark"]
[Black "Fischer, Darja"]
[Result "0-1"]
[Termination "normal"]
[Board "10.1"]
[WhiteElo "1351"]
[BlackElo "1442"]
[WhiteTeam "Muldental Wilkau-Haßlau"]
[BlackTeam "Karlsruher SF"]
[PlyCount "86"]
[WhiteFideId "16275217"]
[BlackFideId "16240898"]
[EventCountry "GER"]
[EventRounds "7"]
[EventType "team-swiss"]
[EventDate "2018.12.26"]

1. e4 d5 2. exd5 Qxd5 3. Nc3 Qd6 4. Nf3 Nf6 5. Be2 a6 6. d4 Bf5 7. Be3 Nc6 8.
O-O e6 9. Qd2 Be7 10. Rad1 Rd8 11. Rfe1 O-O 12. Bd3 Bxd3 13. Qxd3 Rfe8 14. Bg5
h6 15. Bh4 Nb4 16. Qd2 Nbd5 17. Nxd5 Nxd5 18. Bg3 Qb6 19. c3 c5 20. Rc1 cxd4
21. cxd4 Bb4 22. Qe2 Bxe1 23. Rxe1 Rc8 24. Qd2 Qb4 25. Qe2 Qc4 26. Qe5 Qxa2 27.
Qe2 Qc4 28. Qe5 Qc2 29. Re2 Qc1+ 30. Ne1 b5 31. Qe4 b4 32. Qe5 a5 33. Qd6 Rc2
34. Qa6 Rxe2 35. Qxe2 a4 36. f3 Qe3+ 37. Qxe3 Nxe3 38. Bf2 Nd1 39. Nd3 a3 40.
bxa3 bxa3 41. Nb4 Nxf2 42. Kxf2 Rb8 43. d5 Rxb4 0-1